000 00778nam0a22002531 4500
001 rc\774282
005 20250622130012.0
035 _a(NLR Aleph) 006300640
090 _a7247540
_c7247540
100 _a20040301d1983 |||y0rusy50 ca
101 0 _arus
102 _aRU
105 _ay |||||||||
200 1 _aПредмет, структура и функции диалектического материализма
205 _a2-е изд.
210 _aМ.
_cИзд-во МГУ
_d1983
215 _a343 с.
_d21
320 _aБиблиогр.: с. 318-314 (583 назв.)
700 1 _aАлексеев
_bП.В.
_f1932-
_gПетр Васильевич
801 0 _aRU
_bNLR
_gpsbo
801 1 _aRU
_bELAR
_2rusmarc
852 _aNLR
_j83-3/6926
942 _cBOOK
980 _aNB